|
|
|
|
| LEADER |
01112nam a2200229 i 4500 |
| 003 |
GR-PaULI |
| 005 |
20241219123941.0 |
| 008 |
240430s1967 gr aofpg 000 0 gre d |
| 040 |
|
|
|a GR-PaULI
|b gre
|c GR-PaULI
|e AACR2
|
| 041 |
1 |
|
|k gre
|
| 082 |
|
|
|2 23
|a 225.92
|
| 100 |
1 |
|
|9 203365
|a Holzner, Joseph
|e συγγραφέας.
|
| 245 |
1 |
0 |
|a Παύλος /
|c Joseph Holzner ; μετάφρασις αρχιεπισκόπου Αθηνών και πάσης Ελλάδος Ιερώνυμου.
|
| 250 |
|
|
|a 7η έκδ.
|
| 260 |
|
|
|a Αθήναι :
|b Δαμασκός,
|c 1967.
|
| 300 |
|
|
|a 509 [1] σ., [9] φύλλα με πίνακες, [1] αναδ. χάρτης :
|b εικ. ;
|c 25 εκ.
|
| 600 |
0 |
0 |
|9 167293
|a Παύλος
|c ο Απόστολος
|c Άγιος
|d 1ος αιώνας
|
| 700 |
0 |
|
|a Ιερώνυμος,
|c Αρχιεπίσκοπος,
|d 1905-1988
|q
|9 203366
|
| 942 |
|
|
|2 ddc
|c BK
|
| 952 |
|
|
|0 0
|1 0
|2 ddc
|4 0
|6 225_920000000000000_HOL
|7 1
|9 379890
|a LISP
|b LISP
|c DON
|d 2024-04-30
|e ΛΟΓ
|i 363794
|l 0
|o 225.92 HOL
|p 025000307558
|r 2024-04-30 00:00:00
|t 1
|w 2024-04-30
|y BKN
|
| 998 |
|
|
|c Σαλαμούρα
|d 2024-04
|
| 999 |
|
|
|c 220854
|d 220854
|